<?xml version="1.0" encoding="UTF-8"?>
<record
    xmlns:xsi="http://www.w3.org/2001/XMLSchema-instance"
    xsi:schemaLocation="http://www.loc.gov/MARC21/slim http://www.loc.gov/standards/marcxml/schema/MARC21slim.xsd"
    xmlns="http://www.loc.gov/MARC21/slim">

  <leader>00796nam a22001337a 4500</leader>
  <datafield tag="040" ind1=" " ind2=" ">
    <subfield code="c">RUA</subfield>
  </datafield>
  <datafield tag="082" ind1=" " ind2=" ">
    <subfield code="a">VEM SRE 2021 B1-530 Or.</subfield>
  </datafield>
  <datafield tag="100" ind1=" " ind2=" ">
    <subfield code="a">SREANG PHEARA,&#x179F;&#x17D2;&#x179A;&#x17C0;&#x1784; &#x1797;&#x17B6;&#x179A;&#x17C9;&#x17B6;</subfield>
  </datafield>
  <datafield tag="245" ind1=" " ind2=" ">
    <subfield code="a">CASE USAGE LEUCAENA CLAUCA EFFECT TO ASCARRIDIA SPP. IN DOMESTIC CHICKEN AT PREY PDAO COMMUNE,PREYKABAS DISTRICT,TAKEO PROVINCE,&#x1780;&#x179A;&#x178E;&#x17B8;&#x1780;&#x17B6;&#x179A;&#x1794;&#x17D2;&#x179A;&#x17BE;&#x1794;&#x17D2;&#x179A;&#x17B6;&#x179F;&#x17CB;&#x1780;&#x17D2;&#x179A;&#x17B6;&#x1794;&#x17CB;&#x1780;&#x17D2;&#x1791;&#x1798;&#x17D2;&#x1796;&#x1791;&#x17C1;&#x179F;&#x1791;&#x179B;&#x17CB;&#x1793;&#x17B9;&#x1784; ASCARIDIA SPP.&#x179B;&#x17BE;&#x1798;&#x17B6;&#x1793;&#x17CB;&#x179F;&#x17D2;&#x179A;&#x17BB;&#x1780;&#x1793;&#x17C5;&#x1783;&#x17BB;&#x17C6;&#x1796;&#x17D2;&#x179A;&#x17C3;&#x1795;&#x17D2;&#x178F;&#x17C5;&#x179F;&#x17D2;&#x179A;&#x17BB;&#x1780;&#x1796;&#x17D2;&#x179A;&#x17C3;&#x1780;&#x1794;&#x17D2;&#x1794;&#x17B6;&#x179F;&#x17CB; &#x1781;&#x17C1;&#x178F;&#x17D2;&#x178F;&#x178F;&#x17B6;&#x1780;&#x17C2;&#x179C;</subfield>
  </datafield>
  <datafield tag="260" ind1=" " ind2=" ">
    <subfield code="a">phnom penh</subfield>
    <subfield code="b">rua</subfield>
    <subfield code="c">2021</subfield>
  </datafield>
  <datafield tag="300" ind1=" " ind2=" ">
    <subfield code="a">ix.29p.</subfield>
    <subfield code="b">ill.</subfield>
    <subfield code="c">29cm.</subfield>
  </datafield>
  <datafield tag="856" ind1=" " ind2=" ">
    <subfield code="u">https://drive.google.com/file/d/1l1N2yXXz2aGAK_X687mtyrzQkI0ttF4r/view?usp=sharing</subfield>
  </datafield>
  <datafield tag="942" ind1=" " ind2=" ">
    <subfield code="c">VEM</subfield>
  </datafield>
  <datafield tag="999" ind1=" " ind2=" ">
    <subfield code="c">22908</subfield>
    <subfield code="d">22908</subfield>
  </datafield>
  <datafield tag="952" ind1=" " ind2=" ">
    <subfield code="0">0</subfield>
    <subfield code="1">0</subfield>
    <subfield code="4">0</subfield>
    <subfield code="6">VEM_SRE_2021_000000000000000_B1530_OR</subfield>
    <subfield code="7">0</subfield>
    <subfield code="9">98333</subfield>
    <subfield code="a">LBB</subfield>
    <subfield code="b">LBB</subfield>
    <subfield code="c">B1.530</subfield>
    <subfield code="d">2024-04-25</subfield>
    <subfield code="l">1</subfield>
    <subfield code="o">VEM SRE 2021 B1-530 Or.</subfield>
    <subfield code="p">a077588</subfield>
    <subfield code="r">2025-01-14</subfield>
    <subfield code="s">2025-01-08</subfield>
    <subfield code="y">VEM</subfield>
  </datafield>
  <datafield tag="952" ind1=" " ind2=" ">
    <subfield code="0">0</subfield>
    <subfield code="1">0</subfield>
    <subfield code="4">0</subfield>
    <subfield code="6">VEM_SRE_2021_000000000000000_B1530_OR</subfield>
    <subfield code="7">0</subfield>
    <subfield code="9">98334</subfield>
    <subfield code="a">LBB</subfield>
    <subfield code="b">LBB</subfield>
    <subfield code="c">B1.530</subfield>
    <subfield code="d">2024-04-25</subfield>
    <subfield code="o">VEM SRE 2021 B1-530 Or.</subfield>
    <subfield code="p">a077596</subfield>
    <subfield code="r">2024-04-25</subfield>
    <subfield code="y">VEM</subfield>
  </datafield>
  <datafield tag="952" ind1=" " ind2=" ">
    <subfield code="0">0</subfield>
    <subfield code="1">0</subfield>
    <subfield code="4">0</subfield>
    <subfield code="6">VEM_SRE_2021_000000000000000_B1530_OR</subfield>
    <subfield code="7">0</subfield>
    <subfield code="9">98335</subfield>
    <subfield code="a">LBB</subfield>
    <subfield code="b">LBB</subfield>
    <subfield code="c">B1.530</subfield>
    <subfield code="d">2024-04-25</subfield>
    <subfield code="o">VEM SRE 2021 B1-530 Or.</subfield>
    <subfield code="p">a077797</subfield>
    <subfield code="r">2024-04-25</subfield>
    <subfield code="y">VEM</subfield>
  </datafield>
  <datafield tag="952" ind1=" " ind2=" ">
    <subfield code="0">0</subfield>
    <subfield code="1">0</subfield>
    <subfield code="4">0</subfield>
    <subfield code="6">VEM_SRE_2021_000000000000000_B1530_OR</subfield>
    <subfield code="7">0</subfield>
    <subfield code="9">98336</subfield>
    <subfield code="a">LBB</subfield>
    <subfield code="b">LBB</subfield>
    <subfield code="c">B1.530</subfield>
    <subfield code="d">2024-04-25</subfield>
    <subfield code="o">VEM SRE 2021 B1-530 Or.</subfield>
    <subfield code="p">a077737</subfield>
    <subfield code="r">2024-04-25</subfield>
    <subfield code="y">VEM</subfield>
  </datafield>
</record>
